Návrh opatrení na zefektívnenie procesov dodávateľsko-odberateľských vzťahov v podniku AT - ENGINEERING spol. s r.o.

Na minha lista:
Detalhes bibliográficos
Autor principal: Vidlička, Juraj, 1990- (Author)
Outros Autores: Jacinto Assuncao, Domingos (Thesis advisor)
Formato: Manuscrito Livro
Idioma:eslovaco
Publicado em: Trnava : STU v Bratislave MTF UPMK, 2012
Assuntos:
Acesso em linha:VAIS
Tags: Adicionar Tag
Sem tags, seja o primeiro a adicionar uma tag!

MARC

LEADER 00000ntm a22000003a 4500
001 stu251090
005 20150617230202.6
008 120719s2012----xo------------------slo-d
040 |a STU  |b slo 
041 0 |a slo 
044 |a xo 
100 1 |a Vidlička, Juraj,  |d 1990-  |4 aut  |u M  |T MTF Materiálovotechnologická fakulta  |X 66198  |U M  |Y 60  |7 A000066198 
242 0 0 |a Proposal of measures for streamlining processes of supply chain management in AT – ENGINEERING spol. s r.o.  |y eng 
245 1 |a Návrh opatrení na zefektívnenie procesov dodávateľsko-odberateľských vzťahov v podniku AT - ENGINEERING spol. s r.o. 
260 |a Trnava :  |b STU v Bratislave MTF UPMK,  |c 2012 
300 |a 50s  |c CD ROM 
650 7 |a priemyselné manažérstvo  |2 stusub 
650 7 |a Industrial Management  |2 estusub 
650 7 |a logistics  |2 estusub 
650 7 |a material flow  |2 estusub 
650 7 |a logistika  |2 stusub 
650 7 |a materiálový tok  |2 stusub 
700 1 |a Jacinto Assuncao, Domingos  |4 ths  |u M4000  |U MTF Materiálovotechnologická fakulta  |T MTF Ústav priemyselného inžinierstva a manažmentu  |X 3648  |U M4000  |Y 84  |7 A000003648 
856 4 |a info a plný text  |u http://is.stuba.sk/zp/portal_zp.pl?podrobnosti=66268  |3 VAIS 
996 |c M*BP-5763  |l MMSKP  |s P  |a 0  |w stu251090_0001